| 000 | 00738nam a2200229 i 4500 | ||
|---|---|---|---|
| 003 | DO-SdBNP | ||
| 005 | 20250131205119.0 | ||
| 007 | ta | ||
| 008 | 110413s1956 dr 000 0 spa d | ||
| 040 |
_aDO-SdBNP _bspa _cBNPHU _erda |
||
| 082 |
_bU58 _222 |
||
| 110 | 2 |
_aUniversidad de Santo Domingo _937767 |
|
| 245 | 1 | 0 |
_aCalendario para el año académico 1956-1957 : _by otras informaciones universitarias / |
| 264 | 1 |
_aCiudad Trujillo, República Dominicana : _bTalleres gráficos Diana, _c1956. |
|
| 300 |
_a75 páginas _c23 cm. |
||
| 336 |
_2rdacontent _atexto _btxt |
||
| 337 |
_2rdamedia _asin mediación _bn |
||
| 338 |
_2rdacarrier _avolumen _bnc |
||
| 590 | _aInventariado, 2023/ YL | ||
| 910 | _aYLockward | ||
| 942 |
_2ddc _cLBS1 |
||
| 999 |
_c54728 _d54728 |
||